outbreak of pig diseases in pearang district, preyveng province (សកម្មភាពនៃជំងឺជ្រូកដែលជួបប្រទះនៅស្រុកពារំាង ខេត្តព្រៃវែង) (Record no. 2831)

000 -LEADER
fixed length control field 00589nam a22001337a 4500
040 ## - CATALOGING SOURCE
Transcribing agency RUA
082 ## - DEWEY DECIMAL CLASSIFICATION NUMBER
Classification number AGR BO 2011 B099 Or.1
100 ## - MAIN ENTRY--AUTHOR NAME
Personal name BO, LENGCHHORN.
245 ## - TITLE STATEMENT
Title outbreak of pig diseases in pearang district, preyveng province (សកម្មភាពនៃជំងឺជ្រូកដែលជួបប្រទះនៅស្រុកពារំាង ខេត្តព្រៃវែង)
260 ## - PUBLICATION, DISTRIBUTION, ETC. (IMPRINT)
Place of publication Phnom Penh
Name of publisher RUA
Year of publication 2011
300 ## - PHYSICAL DESCRIPTION
Number of Pages viii, 39p.
Other physical details ill.
Dimensions 29cm.
856 ## - ELECTRONIC LOCATION AND ACCESS
Uniform Resource Identifier https://drive.google.com/file/d/1NjqSJisPTZI3r4-S8mNYsGw6l09Wwizv/view?usp=sharing
942 ## - ADDED ENTRY ELEMENTS (KOHA)
Koha item type AVM
952 ## - LOCATION AND ITEM INFORMATION (KOHA)
Withdrawn status [LOCAL, KOHA] 0
952 ## - LOCATION AND ITEM INFORMATION (KOHA)
Withdrawn status [LOCAL, KOHA] 0
952 ## - LOCATION AND ITEM INFORMATION (KOHA)
Withdrawn status [LOCAL, KOHA] 0
Holdings
Permanent Location Date acquired Koha item type Lost status Shelving location Barcode Current Location Full call number
Library Block B2015-10-28AVM B099RUA017417Library Block BAGR BO 2011 B099 Or.1
Library Block B2015-10-28AVM B099RUA017455Library Block BAGR BO 2011 B099 Or.2
Library Block B2015-10-28AVM B099RUA012136Library Block BAGR BO 2011 B099 Or.3
មជ្ឈមណ្ឌលឯការនៃសាកលវិទ្យាល័យភូមិន្ទកសិកម្មចំការដូង

Powered by Koha